Atlantic
Nadčasové témy a najdôležitejšie problémy doby na základe princípov rozumu, názorových myšlienok, dôsledkoch, poznatkoch o svete skúmania, analýz a revízie.
Gespeichert in:
| Format: | Schriftenreihe |
|---|---|
| Sprache: | Englisch |
| Veröffentlicht: |
Washington
The Atlantic Monthly Group
|
| Schlagworte: | |
| Tags: |
Keine Tags, Fügen Sie das erste Tag hinzu!
|
MARC
| LEADER | 00000nas1a2200000 4500 | ||
|---|---|---|---|
| 001 | 0288785 | ||
| 005 | 20260223124447.2 | ||
| 022 | |a 1072-7825 | ||
| 022 | |a 2151-9463 | ||
| 041 | 0 | |a eng | |
| 044 | |a US | ||
| 245 | 1 | 0 | |a Atlantic |
| 264 | 1 | |a Washington |b The Atlantic Monthly Group | |
| 520 | |a Nadčasové témy a najdôležitejšie problémy doby na základe princípov rozumu, názorových myšlienok, dôsledkoch, poznatkoch o svete skúmania, analýz a revízie. | ||
| 610 | 2 | 0 | |a svet |
| 610 | 2 | 0 | |a vedomosti |
| 610 | 2 | 0 | |a kultúra |
| 610 | 2 | 0 | |a politika |
| 610 | 2 | 0 | |a ekonomika |
| 610 | 2 | 0 | |a história |
| 610 | 2 | 0 | |a pohyb |
| 610 | 2 | 0 | |a etika |